Postmoderná variabilita textových postupov

Bibliographic Details
Main Author: Žilková, Marta, 1942- (Author)
Format: Article
Language:Slovak
ISBN:8089038069
Subjects:

MARC

LEADER 00000naa a2200000uu 4500
001 vtls010931203
003 SK-MaSNL
005 20260302145132.0
008 210910|2001 xo |||||||||||||||||slo|
015 |a SNBRA 
035 |a (urnnbn)urn:nbn:sk:snk:ar-a0b3ya 
035 |a (uuid)f223ebe3-e68e-4a96-bd41-d8d43f0a55dc 
035 |a urn:nbn:sk:snk-aatwg7 
040 |a SNKBUCL  |b slo  |c SNKBUCL  |e AACR2 
041 0 |a slo 
044 |a xo  |c SK 
100 1 |a Žilková, Marta,  |d 1942-  |4 aut  |9 88073 
245 1 0 |a Postmoderná variabilita textových postupov  |c Marta Žilková 
650 0 7 |a architektonika textu  |2 SNKPH  |9 79743 
650 0 7 |a literatúra pre deti a mládež  |2 SNKPH  |9 21893 
655 7 |a štúdie  |2 SNKPH  |9 57033 
773 0 |t Vnútrotextové priestory textu v literatúre pre deti a mládež  |d Prešov : Náuka, 2001  |g S. 262-266  |z 8089038069 
958 |a OND 
958 |a chapter 
958 |a article11 
999 |c 1352802  |d 1354732